00582nam a2200169 i 450000100060000000300090000600500170001500700030003200800410003510000430007624500670011926000730018630000200025949000380027983000380031785200570035568405ES-MaACL20250528063008.0t|040628s1912 sp ||||1| spa d1 aGarcía Pérez, Antonio, d1874-195010aManual de la guerra de noche / cpor Antonio García Pérez. aBarcelona : b[s.n.], c1912 (fImp. de la Rev. Cintífico Militar) a1 v. ; c16 cm.1 aManuales Avilés-Castillo ; v200 aManuales Avilés-Castillo ; v20 aES-MaACLjG-9919(1) q. - Encuadernado con otra obra